[Event "Hastings Masters"]
[Site "?"]
[Date "2009.12.31"]
[Round "4"]
[White "Philippe, Christophe"]
[Black "Howell, David W L"]
[Result "1/2-1/2"]
[WhiteElo "2430"]
[BlackElo "2597"]
[PlyCount "97"]
[EventDate "2009.??.??"]
[SourceDate "2009.12.31"]
[TimeControl "40/6000+30:20/3000+30:900+30"]

1. e4 e5 2. Nf3 Nc6 3. Bc4 Nf6 4. d3 Be7 5. O-O O-O 6. Re1 d6 7. a4 Kh8 8. h3
Ng8 9. Nc3 f5 10. Nd5 fxe4 11. dxe4 Nf6 12. Ng5 Nxd5 13. Nxh7 Rf4 14. g3 Qe8
15. Qxd5 Nd4 16. Bxf4 c6 17. Qf7 Qxf7 18. Bxf7 exf4 19. Red1 Nf3+ 20. Kg2 Ne5
21. Bh5 Kxh7 22. gxf4 Nd7 23. Bg4 Nf6 24. f3 g6 25. c4 a5 26. Rd3 Nd7 27. Rad1
Nc5 28. Rxd6 Bxd6 29. Rxd6 Bxg4 30. hxg4 Re8 31. f5 gxf5 32. exf5 Re7 33. g5
Re5 34. Rf6 Kg7 35. f4 Re3 36. Rh6 Nd3 37. f6+ Kg8 38. f5 Nf4+ 39. Kf2 Rh3 40.
Rxh3 Nxh3+ 41. Ke3 Nxg5 42. Kd4 Kf7 43. Kc5 Ne4+ 44. Kb6 Nd2 45. c5 Nc4+ 46.
Kxb7 Nxb2 47. Kxc6 Nxa4 48. Kb5 Nxc5 49. Kxa5 1/2-1/2

[Event "Hastings Masters"]
[Site "?"]
[Date "2009.12.31"]
[Round "4"]
[White "Drozdovskij, Yuri"]
[Black "Demac, Elias"]
[Result "1-0"]
[WhiteElo "2625"]
[BlackElo "2084"]
[PlyCount "69"]
[EventDate "2009.??.??"]
[SourceDate "2009.12.31"]
[TimeControl "40/6000+30:20/3000+30:900+30"]

1. d4 f5 2. g3 Nf6 3. Bg2 g6 4. c4 Bg7 5. Nf3 O-O 6. Nc3 d6 7. O-O Qe8 8. d5 a5
9. Ne1 Na6 10. Nd3 Bd7 11. Bd2 Rb8 12. Rc1 c6 13. b3 Nb4 14. a3 Nxd3 15. exd3
e5 16. dxe6 Bxe6 17. Re1 Qf7 18. Ne2 Ra8 19. Bc3 Bh6 20. f4 Qc7 21. Qd2 Bg7 22.
Kh1 Bf7 23. Nd4 Qb6 24. Qb2 Rae8 25. Nxf5 gxf5 26. Bxf6 Bxf6 27. Qxf6 Qxb3 28.
Qxf5 Qxa3 29. Be4 Bg6 30. Qg4 Qc5 31. Bxg6 Rxe1+ 32. Rxe1 hxg6 33. Qxg6+ Kh8
34. Re7 Qf2 35. Rh7# 1-0

[Event "Hastings Masters"]
[Site "?"]
[Date "2009.12.31"]
[Round "4"]
[White "Istratescu, Andrei ROU"]
[Black "Breder, Dennis"]
[Result "1-0"]
[WhiteElo "2624"]
[BlackElo "2427"]
[PlyCount "141"]
[EventDate "2009.??.??"]
[SourceDate "2009.12.31"]
[TimeControl "40/6000+30:20/3000+30:900+30"]

1. e4 e5 2. Nf3 Nc6 3. Bb5 Nf6 4. Qe2 Bc5 5. c3 O-O 6. d3 Re8 7. Nbd2 a6 8. Ba4
Bf8 9. Nf1 b5 10. Bb3 Na5 11. Bc2 d5 12. Bg5 dxe4 13. dxe4 h6 14. Bh4 Nc4 15.
Rd1 Qe7 16. b3 Na3 17. Bd3 Qe6 18. Bg3 Qc6 19. Rc1 Bd6 20. N1d2 b4 21. c4 Nb5
22. Nb1 Bg4 23. Qb2 Nc3 24. c5 Qxc5 25. Nxc3 bxc3 26. Rxc3 Qa7 27. O-O Bxf3 28.
gxf3 a5 29. Bb5 Re7 30. Rfc1 Qb8 31. Bc6 Ra6 32. Qe2 Rb6 33. Rc4 Rb4 34. Qd2
Nh5 35. Bd5 Qa7 36. Rc6 Re8 37. R1c4 Re7 38. Qc1 Kh7 39. Qf1 g6 40. Bh4 f6 41.
Bg3 Ng7 42. Qd3 Nh5 43. Kg2 Ng7 44. Qe3 Qxe3 45. fxe3 Rxc4 46. bxc4 Bb4 47.
Rxf6 Nh5 48. Rc6 Nxg3 49. hxg3 Bd2 50. Kf2 h5 51. Ke2 Bb4 52. f4 Rd7 53. Kf3
Ba3 54. Re6 Bd6 55. c5 Bxc5 56. Rxe5 Bd6 57. Re8 g5 58. e5 Bc5 59. Ke4 h4 60.
gxh4 gxh4 61. Be6 Rd2 62. Kf5 Rg2 63. Bd5 h3 64. Be4 Kg7 65. Rc8 Bxe3 66. Rxc7+
Kf8 67. Kf6 Ke8 68. Bxg2 hxg2 69. Rc8+ Kd7 70. Rg8 g1=Q 71. e6+ 1-0

[Event "Hastings Masters"]
[Site "?"]
[Date "2009.12.31"]
[Round "4"]
[White "Franklin, Samuel G A"]
[Black "Edouard, Romain"]
[Result "0-1"]
[WhiteElo "2139"]
[BlackElo "2620"]
[PlyCount "80"]
[EventDate "2009.??.??"]
[SourceDate "2009.12.31"]
[TimeControl "40/6000+30:20/3000+30:900+30"]

1. e4 c5 2. Nf3 d6 3. d4 cxd4 4. Nxd4 Nf6 5. Nc3 a6 6. f3 e5 7. Nb3 Be6 8. Be3
h5 9. Qd2 Nbd7 10. a4 Rc8 11. Be2 Be7 12. O-O g6 13. a5 h4 14. Nc1 Qc7 15. Nd3
d5 16. exd5 Nxd5 17. Nxd5 Bxd5 18. Nb4 Be6 19. Nd5 Bxd5 20. Qxd5 Nf6 21. Qb3
Bc5 22. Rf2 Bxe3 23. Qxe3 Nd5 24. Qe4 Nf4 25. Re1 Kf8 26. Bf1 Re8 27. Qb4+ Kg7
28. c4 Rd8 29. Rd2 Rxd2 30. Qxd2 Rd8 31. Qe3 f6 32. b4 Ne6 33. Qe4 Rd4 34. Qb1
Qd6 35. Qb3 Rd2 36. Kh1 h3 37. g3 Nd4 38. Qc3 Rc2 39. Qe3 Qxb4 40. Bd3 Rd2 0-1

[Event "Hastings Masters"]
[Site "?"]
[Date "2009.12.31"]
[Round "4"]
[White "Hebden, Mark L"]
[Black "Grant, David J"]
[Result "1-0"]
[WhiteElo "2522"]
[BlackElo "2020"]
[PlyCount "55"]
[EventDate "2009.??.??"]
[SourceDate "2009.12.31"]
[TimeControl "40/6000+30:20/3000+30:900+30"]

1. d4 d5 2. Nf3 Nf6 3. c4 e6 4. Bg5 dxc4 5. Qa4+ Nbd7 6. e4 Be7 7. Nbd2 O-O 8.
Bxc4 c5 9. e5 Nd5 10. Bxe7 Qxe7 11. Bxd5 exd5 12. O-O cxd4 13. Qxd4 Nb6 14.
Rfe1 Be6 15. Nf1 Rac8 16. b3 Qc5 17. Qh4 a6 18. Nd4 Rfe8 19. Ng3 Nd7 20. Rad1
h6 21. f4 Nf8 22. f5 Bd7 23. Qf4 Re7 24. Nh5 Rce8 25. Qg3 g5 26. Nf6+ Kh8 27.
Qh3 Kg7 28. Ng4 1-0

[Event "Hastings Masters"]
[Site "?"]
[Date "2009.12.31"]
[Round "4"]
[White "Hawkins, Jonathan"]
[Black "Arkell, Keith C"]
[Result "1/2-1/2"]
[WhiteElo "2383"]
[BlackElo "2464"]
[PlyCount "24"]
[EventDate "2009.??.??"]
[SourceDate "2009.12.31"]
[TimeControl "40/6000+30:20/3000+30:900+30"]

1. d4 e6 2. e4 d5 3. Nd2 dxe4 4. Nxe4 Bd7 5. Nf3 Bc6 6. Bd3 Nd7 7. O-O Ngf6 8.
Ng3 Be7 9. c4 Bxf3 10. Qxf3 c6 11. b3 Qa5 12. Bb2 Ba3 1/2-1/2

[Event "Hastings Masters"]
[Site "?"]
[Date "2009.12.31"]
[Round "4"]
[White "CM Kwiatkowski, Feliks J"]
[Black "Hracek, Zbynek"]
[Result "0-1"]
[WhiteElo "2248"]
[BlackElo "2624"]
[PlyCount "60"]
[EventDate "2009.??.??"]
[SourceDate "2009.12.31"]
[TimeControl "40/6000+30:20/3000+30:900+30"]

1. e4 c5 2. Nf3 e6 3. d4 cxd4 4. Nxd4 a6 5. Nc3 d6 6. Be2 Nf6 7. f4 Be7 8. O-O
O-O 9. Kh1 Nc6 10. Be3 Bd7 11. Qe1 b5 12. a3 Qb8 13. Qg3 b4 14. axb4 Qxb4 15.
Rad1 Qxb2 16. Nxc6 Bxc6 17. Bd4 Qb7 18. Bf3 Rac8 19. Rfe1 a5 20. e5 dxe5 21.
fxe5 Nd7 22. Ne4 Bxe4 23. Rxe4 Qc7 24. Rg4 g6 25. Be4 Nc5 26. Rxg6+ fxg6 27.
Bxg6 Bh4 28. Qg4 hxg6 29. Bxc5 Qf7 30. Bxf8 Rxf8 0-1

[Event "Hastings Masters"]
[Site "?"]
[Date "2009.12.31"]
[Round "4"]
[White "Mitchell, Martin"]
[Black "Gormally, Daniel W"]
[Result "0-1"]
[WhiteElo "2195"]
[BlackElo "2479"]
[PlyCount "58"]
[EventDate "2009.??.??"]
[SourceDate "2009.12.31"]
[TimeControl "40/6000+30:20/3000+30:900+30"]

1. d4 Nf6 2. c4 e6 3. Nc3 Bb4 4. e3 c5 5. Nge2 cxd4 6. exd4 O-O 7. a3 Be7 8. d5
exd5 9. cxd5 Bc5 10. b4 Bd6 11. Nd4 a5 12. b5 Be5 13. Be2 d6 14. O-O Nbd7 15.
Be3 Nb6 16. Qb3 a4 17. Qa2 Ng4 18. Bxg4 Bxg4 19. f3 Bd7 20. Rac1 Re8 21. Ne4
Nc8 22. Rfe1 Ne7 23. g3 Qa5 24. Nc6 bxc6 25. bxc6 Bf5 26. Red1 Reb8 27. c7 Rb7
28. Bf4 Bxf4 29. gxf4 Rxc7 0-1

[Event "Hastings Masters"]
[Site "?"]
[Date "2009.12.31"]
[Round "4.9"]
[White "Salimbeni, George P W"]
[Black "Collins, Sam E"]
[Result "1/2-1/2"]
[WhiteElo "2162"]
[BlackElo "2431"]
[PlyCount "100"]
[EventDate "2009.??.??"]
[SourceDate "2009.12.31"]

1. e4 e5 2. Nf3 Nc6 3. Bb5 a6 4. Ba4 Nf6 5. Qe2 b5 6. Bb3 Be7 7. c3 O-O 8. O-O
d5 9. d3 Re8 10. Nbd2 Bf8 11. Re1 Na5 12. Bc2 d4 13. Nb3 c5 14. Nxa5 Qxa5 15.
b4 Qc7 16. Bb2 dxc3 17. Bxc3 cxb4 18. Bb2 Nh5 19. Rac1 Nf4 20. Qe3 Bc5 21. Bb3
Bxe3 22. Rxc7 Bb6 23. Rxf7 Be6 24. Bxe6 Rxe6 25. Rd7 Rg6 26. g3 Rf8 27. Bxe5
Nh3+ 28. Kg2 Ng5 29. Nh4 Rxf2+ 30. Kh1 Nf3 31. Nxf3 Rxf3 32. d4 h5 33. Kg2 Rd3
34. Re2 Rg5 35. Rd6 Bc7 36. Rd5 Bxe5 37. dxe5 Rxd5 38. exd5 Rf5 39. h3 Kf7 40.
e6+ Ke8 41. d6 Rd5 42. d7+ Ke7 43. Kf3 a5 44. Re4 g6 45. Ke3 Rd1 46. Rd4 Rxd4
47. Kxd4 a4 48. Kd3 b3 49. axb3 a3 50. Kc2 b4 1/2-1/2

[Event "Hastings Masters"]
[Site "?"]
[Date "2009.12.31"]
[Round "4.10"]
[White "Greet, Andrew N"]
[Black "Almond, Richard J"]
[Result "1-0"]
[WhiteElo "2423"]
[BlackElo "2174"]
[PlyCount "93"]
[EventDate "2009.??.??"]
[SourceDate "2009.12.31"]

1. d4 d5 2. c4 e6 3. Nf3 Nf6 4. g3 Be7 5. Bg2 O-O 6. O-O Nbd7 7. Qc2 c6 8. Nbd2
b6 9. e4 Bb7 10. e5 Ne8 11. cxd5 cxd5 12. Re1 Rc8 13. Qa4 Nc7 14. Bf1 a6 15.
Bd3 Re8 16. h4 Nf8 17. Nf1 b5 18. Qd1 Na8 19. Ng5 f6 20. exf6 Bxf6 21. Qh5 g6
22. Qg4 Qd7 23. Nh2 h5 24. Qf4 Qg7 25. Nhf3 Nb6 26. b3 Nbd7 27. Bb2 Rc6 28. Re3
Nh7 29. Rae1 Bxg5 30. hxg5 Qf7 31. Nh4 Nhf8 32. Ng2 Nh7 33. Qxf7+ Kxf7 34. Nf4
Ndf8 35. Re5 Rec8 36. Nxd5 exd5 37. Re7+ Kg8 38. Rxb7 Nxg5 39. Ree7 Nge6 40.
Ba3 R8c7 41. Rexc7 Nxc7 42. Rb8 Nce6 43. Bxg6 h4 44. Be4 Kg7 45. Bxd5 Rc2 46.
Rb7+ Rc7 47. gxh4 1-0

[Event "Hastings Masters"]
[Site "?"]
[Date "2009.12.31"]
[Round "4.13"]
[White "Goodger, Martyn"]
[Black "Ansell, Simon"]
[Result "*"]
[WhiteElo "2147"]
[BlackElo "2387"]
[PlyCount "140"]
[EventDate "2009.??.??"]
[SourceDate "2009.12.31"]

1. e4 c6 2. Ne2 d5 3. e5 c5 4. d4 Nc6 5. c3 Bf5 6. dxc5 Nxe5 7. Ng3 Bxb1 8.
Rxb1 e6 9. Bb5+ Nc6 10. b4 Nf6 11. O-O Be7 12. Re1 O-O 13. Bf4 Qc8 14. Ba4 a6
15. Bc2 Re8 16. Qd3 g6 17. h4 Bf8 18. Bg5 Bg7 19. h5 Qc7 20. hxg6 hxg6 21. a4
Nd7 22. Qd2 Nce5 23. Bb3 Rac8 24. a5 Nc6 25. Rbd1 Nde5 26. Bh6 Qd8 27. Bxg7
Kxg7 28. Qf4 Qf6 29. Qxf6+ Kxf6 30. f4 Ng4 31. Ba4 Rh8 32. Bxc6 bxc6 33. Kf1
Rce8 34. Ke2 g5 35. fxg5+ Kxg5 36. Rh1 Rxh1 37. Rxh1 Kg6 38. Nf1 f5 39. Nd2 e5
40. Nf3 f4 41. Nh4+ Kf6 42. Nf3 Rg8 43. Rh7 e4 44. Nd4 Ne3 45. Rh6+ Kf7 46.
Rh7+ Ke8 47. Rh2 Nxg2 48. Nxc6 f3+ 49. Kf2 Rf8 50. Rh7 e3+ 51. Kg3 Rf5 52. Rh8+
Kf7 53. Rh7+ Kf6 54. Nd4 f2 55. Rh6+ Kf7 56. Rh7+ Kg8 57. Rh1 f1=Q 58. Rxf1
Rxf1 59. Kxg2 Rf2+ 60. Kg3 Kf7 61. c6 Ke7 62. b5 axb5 63. Nxb5 Rf8 64. Nd4 Kd6
65. a6 Ke5 66. c7 Ke4 67. Ne6 Rg8+ 68. Kh2 e2 69. Nd8 e1=Q 70. c8=Q Qg3+ *

[Event "Hastings Masters"]
[Site "?"]
[Date "2009.12.31"]
[Round "4.15"]
[White "Hansen, Victor"]
[Black "Eggleston, David J"]
[Result "1/2-1/2"]
[WhiteElo "2113"]
[BlackElo "2367"]
[PlyCount "91"]
[EventDate "2009.??.??"]
[SourceDate "2009.12.31"]

1. Nf3 Nf6 2. c4 b6 3. g3 Bb7 4. Bg2 e6 5. O-O Be7 6. d4 O-O 7. Nc3 Na6 8. Re1
d5 9. cxd5 exd5 10. Bg5 c6 11. Rc1 Nc7 12. Na4 Ne6 13. Bxf6 Bxf6 14. e3 Re8 15.
b4 g6 16. Qb3 a6 17. Rc2 Ng7 18. Nb2 Nf5 19. Nd3 Re7 20. Nfe5 Rc7 21. Rec1 Ne7
22. a4 b5 23. a5 Bg7 24. Nc5 Bc8 25. e4 f6 26. Ned3 Kh8 27. Nf4 dxe4 28. Nce6
Qg8 29. d5 Bxe6 30. Nxe6 Rd7 31. dxc6 Rd6 32. Nc5 Qxb3 33. Nxb3 f5 34. f3 Rd3
35. fxe4 Rxb3 36. c7 Bd4+ 37. Kh1 Rxb4 38. exf5 Rf8 39. c8=Q Nxc8 40. Rxc8 Rxc8
41. Rxc8+ Kg7 42. Bb7 Ra4 43. Rc7+ Kh6 44. fxg6 hxg6 45. Rc6 Rxa5 46. Rxa6
1/2-1/2

[Event "Hastings Masters"]
[Site "?"]
[Date "2009.12.31"]
[Round "4.16"]
[White "Kolbus, Dietmar"]
[Black "Cafferty, Bernard"]
[Result "1-0"]
[WhiteElo "2355"]
[BlackElo "2141"]
[PlyCount "70"]
[EventDate "2009.??.??"]
[SourceDate "2009.12.31"]

1. Nf3 Nf6 2. b3 d5 3. Bb2 Bg4 4. e3 Nbd7 5. Be2 e6 6. O-O Bd6 7. d4 O-O 8.
Nbd2 c5 9. dxc5 Nxc5 10. c4 Re8 11. Ne5 Bf5 12. Ndf3 Nce4 13. Rc1 Qe7 14. Nh4
Rad8 15. cxd5 Bxe5 16. Bxe5 Nxd5 17. Nxf5 exf5 18. Bd4 Nec3 19. Qc2 Nxe2+ 20.
Qxe2 Nf4 21. Qf3 Rxd4 22. exf4 Rd2 23. a4 h6 24. g3 Qe4 25. Rc3 Qxf3 26. Rxf3
Re4 27. Rc1 Rb4 28. h4 Rb2 29. Rcc3 g6 30. Rfd3 Kg7 31. Rc7 R2xb3 32. Rdd7 Kf6
33. Rxf7+ Ke6 34. Rg7 Rxa4 35. Rxg6+ Kd5 1-0

[Event "Hastings Masters"]
[Site "?"]
[Date "2009.12.31"]
[Round "4.17"]
[White "Jackson, James P"]
[Black "Giffard, Nicolas"]
[Result "1/2-1/2"]
[WhiteElo "2067"]
[BlackElo "2351"]
[PlyCount "60"]
[EventDate "2009.??.??"]
[SourceDate "2009.12.31"]

1. e4 c5 2. Nf3 d6 3. d4 cxd4 4. Nxd4 Nf6 5. Nc3 Nc6 6. Bc4 Qb6 7. Nxc6 bxc6 8.
O-O e5 9. a4 Be7 10. a5 Qc7 11. f4 O-O 12. fxe5 dxe5 13. h3 Rb8 14. Qe2 Rb4 15.
Be3 Be6 16. Bxe6 fxe6 17. Qa6 Ra8 18. Ra4 Kh8 19. Rxb4 Bxb4 20. Ra1 Bxc3 21.
bxc3 Nxe4 22. Qc4 Nf6 23. Qxe6 Re8 24. Qc4 Nd5 25. Qc5 Nxe3 26. Qxe3 c5 27. Qe4
a6 28. Rb1 Qxa5 29. Qxe5 Rg8 30. Rb8 h6 1/2-1/2

[Event "Hastings Masters"]
[Site "?"]
[Date "2009.12.31"]
[Round "4.19"]
[White "Brechin, Hugh R"]
[Black "Druckenthaner, Andreas"]
[Result "0-1"]
[WhiteElo "2025"]
[BlackElo "2296"]
[PlyCount "68"]
[EventDate "2009.??.??"]
[SourceDate "2009.12.31"]

1. d4 f5 2. Bf4 Nf6 3. e3 g6 4. Nf3 Bg7 5. Be2 d6 6. h3 O-O 7. Nbd2 Nc6 8. c4
Nh5 9. Bh2 e5 10. d5 Ne7 11. Qc2 f4 12. e4 c6 13. Rc1 c5 14. b4 b6 15. a3 h6
16. O-O Nf6 17. Rb1 g5 18. bxc5 bxc5 19. Qa4 Bd7 20. Qa6 Nc8 21. Rb7 Qe8 22.
Rfb1 Qg6 23. Rc7 Rd8 24. a4 Ne8 25. Rxc5 Nb6 26. Ra5 Rdb8 27. c5 dxc5 28. Rxc5
Qd6 29. Rbc1 Nxa4 30. Rc6 Bxc6 31. Rxc6 Qa3 32. Rc4 Rb4 33. Bd1 Rab8 34. Bxa4
Rb1+ 0-1

[Event "Hastings Masters"]
[Site "?"]
[Date "2009.12.31"]
[Round "4.20"]
[White "Williams, Peter A"]
[Black "Getz, Nicolai"]
[Result "1-0"]
[WhiteElo "2012"]
[BlackElo "2270"]
[PlyCount "105"]
[EventDate "2009.??.??"]
[SourceDate "2009.12.31"]

1. f4 c5 2. Nf3 g6 3. e4 Bg7 4. Be2 Nc6 5. O-O d6 6. c3 Nh6 7. Kh1 O-O 8. d4 d5
9. e5 cxd4 10. cxd4 Bg4 11. Ng1 Bxe2 12. Nxe2 e6 13. Nbc3 Nf5 14. g4 Nh6 15. h3
Kh8 16. Be3 f5 17. exf6 Bxf6 18. f5 Bg5 19. Bxg5 Qxg5 20. fxe6 Qe3 21. Kg2 Qxe6
22. Nf4 Qd7 23. Nfxd5 Rad8 24. Rc1 Qg7 25. Qd2 Nxd4 26. Rce1 Ng8 27. Rxf8 Rxf8
28. Nf4 b6 29. Re4 Nf5 30. Ne6 Nh4+ 31. Kg3 Rf3+ 32. Kxh4 h6 33. Nxg7 g5+ 34.
Qxg5 hxg5+ 35. Kxg5 Kxg7 36. h4 Rf2 37. Re2 Rf6 38. h5 Rc6 39. Ne4 Ne7 40. Ng3
Kf7 41. Nf5 Nd5 42. Re5 Nf6 43. Nh6+ Kf8 44. Nf5 a5 45. h6 a4 46. Nd4 Nh7+ 47.
Kh5 Rd6 48. Ne6+ Kg8 49. g5 Rd2 50. Kg6 Rd6 51. Kf5 Rd2 52. g6 Rxb2 53. Nf4 1-0

[Event "Hastings Masters"]
[Site "?"]
[Date "2009.12.31"]
[Round "4.21"]
[White "Talsma, Paul"]
[Black "Webb, Matthew"]
[Result "1-0"]
[WhiteElo "2252"]
[BlackElo "1987"]
[PlyCount "125"]
[EventDate "2009.??.??"]
[SourceDate "2009.12.31"]

1. d4 g6 2. e4 Bg7 3. Nf3 d6 4. Bc4 a6 5. Qe2 b5 6. Bb3 c5 7. c3 c4 8. Bc2 e5
9. a4 Bb7 10. axb5 axb5 11. Rxa8 Bxa8 12. b3 exd4 13. cxd4 Qa5+ 14. Bd2 Qa2 15.
Qd1 Nc6 16. Nc3 Qa6 17. bxc4 bxc4 18. Ba4 Kf8 19. Bb5 Qa3 20. O-O Nxd4 21. Nxd4
Bxd4 22. Bh6+ Bg7 23. Bf4 Be5 24. Bxe5 dxe5 25. Qa1 Qxa1 26. Rxa1 Bb7 27. Ra7
Bc8 28. Bxc4 Nh6 29. f3 Kg7 30. g4 g5 31. h4 Kg6 32. h5+ Kg7 33. Nd1 Kf6 34.
Ne3 Be6 35. Kf2 Bxc4 36. Nxc4 Re8 37. Ke3 Re6 38. Rd7 Rc6 39. Kd3 Ke6 40. Rd8
f6 41. Rh8 Rc7 42. Ne3 Rg7 43. Nd5 Ng8 44. Kc4 Kd6 45. Kb5 Rb7+ 46. Ka6 Rg7 47.
Kb6 Ke6 48. Kc5 h6 49. Kc6 Ne7+ 50. Kc5 Ng8 51. Kb6 Kd6 52. Ne3 Ne7 53. Rxh6
Nc8+ 54. Kb5 Rb7+ 55. Kc4 Nb6+ 56. Kd3 Nd7 57. Nd5 Rb3+ 58. Ke2 Rb2+ 59. Kf1
Ke6 60. Rh8 Kf7 61. Rc8 Nb6 62. Rc7+ Ke6 63. Rc6+ 1-0

[Event "Hastings Masters"]
[Site "?"]
[Date "2009.12.31"]
[Round "4.22"]
[White "Martin, Andrew D"]
[Black "Griffiths, Ryan Rhys"]
[Result "1/2-1/2"]
[WhiteElo "2423"]
[BlackElo "2148"]
[PlyCount "55"]
[EventDate "2009.??.??"]
[SourceDate "2009.12.31"]

1. d4 Nf6 2. Nf3 e6 3. e3 b6 4. Bd3 Bb7 5. O-O c5 6. c4 cxd4 7. exd4 Be7 8. b3
O-O 9. Bb2 d5 10. Nbd2 Nc6 11. Qe2 Re8 12. Rac1 Rc8 13. h3 Bf8 14. Qe3 g6 15.
Rfd1 Bg7 16. Nf1 Ne7 17. c5 Nf5 18. Qe1 Ne4 19. Bb5 Bc6 20. Ba6 Rb8 21. Qe2
bxc5 22. dxc5 e5 23. Bd3 Qe7 24. Qe1 Ng5 25. Nxg5 Qxg5 26. Bxf5 gxf5 27. f3 f4
28. Rc2 1/2-1/2

[Event "Hastings Masters"]
[Site "?"]
[Date "2009.12.31"]
[Round "4.26"]
[White "Atako, Chino"]
[Black "Marusenko, Petr"]
[Result "1/2-1/2"]
[WhiteElo "2038"]
[BlackElo "2264"]
[PlyCount "30"]
[EventDate "2009.??.??"]
[SourceDate "2009.12.31"]

1. e4 c6 2. d4 d5 3. e5 Bf5 4. Nf3 e6 5. Be2 Nd7 6. O-O Bg6 7. c3 Ne7 8. Na3
Nf5 9. Nc2 Be7 10. Nce1 c5 11. dxc5 Bxc5 12. Nd3 Bb6 13. Bg5 Qb8 14. Qa4 h6 15.
Bf4 Ne7 {remaining moves illegible} 1/2-1/2

[Event "Hastings Masters"]
[Site "?"]
[Date "2009.12.31"]
[Round "4.28"]
[White "Norinceviciute, Rasa"]
[Black "Grant, Alan G"]
[Result "0-1"]
[WhiteElo "2027"]
[BlackElo "2236"]
[PlyCount "162"]
[EventDate "2009.??.??"]
[SourceDate "2009.12.31"]

1. c4 Nf6 2. g3 g6 3. Bg2 Bg7 4. Nc3 O-O 5. e4 d6 6. Nge2 c5 7. O-O Nc6 8. f4
Bg4 9. h3 Bxe2 10. Nxe2 Ne8 11. d3 Nc7 12. Rb1 Ne6 13. a3 a5 14. Be3 Rb8 15.
Nc3 Bd4 16. Bf2 Nc7 17. a4 e6 18. Kh2 Kh8 19. Be1 f5 20. Bd2 Qd7 21. Qf3 Rbe8
22. Rbe1 Bg7 23. Qd1 Na6 24. Rf2 Nab4 25. Bc1 Nd4 26. Ref1 Re7 27. Be3 Rfe8 28.
Bc1 Qd8 29. Re1 Qb6 30. Ref1 Nbc6 31. Re1 Rd8 32. Be3 Qb3 33. Qxb3 Nxb3 34.
Rfe2 Nb4 35. Rd1 Bd4 36. Bg1 Bxg1+ 37. Kxg1 Nd4 38. Red2 h6 39. Re1 Rdd7 40.
Kf2 Rg7 41. h4 Rge7 42. Bh1 Kg7 43. Rg1 h5 44. Re1 Nbc6 45. Bg2 Nd8 46. Nd1 Nf7
47. Ne3 Nh6 48. Bf3 Ng4+ 49. Bxg4 hxg4 50. Red1 Kf6 51. Rh1 Rh7 52. Rdd1 Rh5
53. Rc1 Rc7 54. exf5 gxf5 55. Nc2 e5 56. Ne3 Rc8 57. Nd5+ Kf7 58. Rce1 Nf3 59.
Re3 Rhh8 60. Rc1 Rhe8 61. Rc3 Nd4 62. Rc1 Re6 63. Ree1 Rc6 64. Rb1 Rc8 65. Rbc1
Nc6 66. Re3 exf4 67. Nxf4 Re5 68. Nd5 Nd4 69. Rh1 Rce8 70. Ree1 Re2+ 71. Rxe2
Rxe2+ 72. Kf1 Rxb2 73. h5 Ne2 74. Rh4 Nxg3+ 75. Kg1 Ne2+ 76. Kf2 Nf4+ 77. Kg3
Nxd5 78. cxd5 Rd2 79. Kf4 Kf6 80. h6 Rxd3 81. h7 Rf3# 0-1

[Event "Hastings Masters"]
[Site "?"]
[Date "2009.12.31"]
[Round "4.30"]
[White "Furman, Boris"]
[Black "Pickersgill, Adrian O"]
[Result "1-0"]
[WhiteElo "2223"]
[BlackElo "2014"]
[PlyCount "145"]
[EventDate "2009.??.??"]
[SourceDate "2009.12.31"]

1. d4 d6 2. c4 e5 3. Nf3 e4 4. Nfd2 f5 5. e3 Nf6 6. Nc3 c6 7. Be2 Na6 8. Rb1
Nc7 9. b4 Be7 10. O-O O-O 11. Nb3 d5 12. Na5 Kh8 13. Qc2 Rb8 14. Bd2 Be6 15. b5
cxb5 16. Nxb5 a6 17. Na7 Qd7 18. c5 f4 19. exf4 Bf5 20. Be3 Ne6 21. Qb3 Qc7 22.
Qb6 Qxb6 23. cxb6 Bd6 24. g3 h6 25. Kg2 Kh7 26. h3 h5 27. Rfc1 Rfe8 28. Nb3 g6
29. Rc2 Kg7 30. Kh2 Kf8 31. Rg1 Kf7 32. Kg2 Rh8 33. Rgc1 Rhe8 34. a4 Kf8 35. a5
Kf7 36. Rd1 Kf8 37. Nc5 Ng7 38. Rc3 Kf7 39. Bc1 Rf8 40. Ba3 Nge8 41. Rdc1 Kg8
42. Na4 Bxa3 43. Rxa3 Nd6 44. Rac3 Nfe8 45. g4 hxg4 46. hxg4 Bd7 47. Nc5 Rf7
48. Bd1 Nc4 49. Ra1 Ned6 50. Be2 Kf8 51. Rh3 Ke7 52. Rh6 Rg7 53. Kg3 Be8 54.
Rh8 Rf7 55. Rh6 Rg7 56. Rh8 Rf7 57. Nxa6 bxa6 58. Nc6+ Bxc6 59. Rxb8 Rf8 60.
Rxf8 Kxf8 61. Bxc4 Nxc4 62. Kh4 Kg7 63. Kg5 Nd6 64. Rc1 Nc4 65. f5 gxf5 66.
gxf5 Kf7 67. Rh1 Nxa5 68. Rh7+ Kg8 69. Rc7 Kf8 70. Kf6 Ke8 71. Ke6 Kd8 72. f6
Be8 73. Ra7 1-0

[Event "Hastings Masters"]
[Site "?"]
[Date "2009.12.31"]
[Round "4.31"]
[White "Gibson, Christopher A"]
[Black "Sugden, John N"]
[Result "0-1"]
[WhiteElo "1964"]
[BlackElo "2219"]
[PlyCount "108"]
[EventDate "2009.??.??"]
[SourceDate "2009.12.31"]

1. d4 Nf6 2. c4 d6 3. Nc3 g6 4. e4 Bg7 5. f3 O-O 6. Be3 e5 7. d5 Nh5 8. Qd2 f5
9. O-O-O f4 10. Bf2 Bf6 11. c5 Bh4 12. Bxh4 Qxh4 13. cxd6 cxd6 14. Nb5 Qe7 15.
Bd3 a6 16. Na3 Nd7 17. Kb1 Nc5 18. Ne2 Bd7 19. Nc3 Rfc8 20. Nc4 Rab8 21. Nb6
Rf8 22. b4 Nxd3 23. Qxd3 Qd8 24. Nxd7 Qxd7 25. Rc1 Rfc8 26. Ne2 Rxc1+ 27. Rxc1
Rc8 28. Rxc8+ Qxc8 29. Qc3 Qd8 30. Qc4 Nf6 31. Nc3 Nd7 32. Nd1 Kf7 33. Nb2 Qb6
34. a3 Ke7 35. Qc2 Qg1+ 36. Ka2 Qxh2 37. Nc4 b6 38. a4 Qg1 39. a5 b5 40. Nb2
Qd4 41. Nd3 g5 42. Kb3 h5 43. Qc3 Qe3 44. Kc2 g4 45. Qe1 gxf3 46. Qh4+ Nf6 47.
Qh3 Qe2+ 48. Kb3 Qxd3+ 49. Kb2 Qd4+ 50. Kb3 Qc4+ 51. Ka3 Qc3+ 52. Ka2 Kf7 53.
Qe6+ Kg6 54. gxf3 Qxb4 0-1

[Event "Hastings Masters"]
[Site "?"]
[Date "2009.12.31"]
[Round "4.33"]
[White "Niloy, Chakraborty"]
[Black "Rayner, Francis"]
[Result "0-1"]
[WhiteElo "1800"]
[BlackElo "2153"]
[PlyCount "78"]
[EventDate "2009.??.??"]
[SourceDate "2009.12.31"]

1. e4 c5 2. Nf3 Nc6 3. d4 cxd4 4. Nxd4 Nf6 5. Nc3 d6 6. Be2 e5 7. Nb3 Be7 8.
O-O O-O 9. f4 a5 10. a4 Nb4 11. Bf3 Qb6+ 12. Kh1 Be6 13. f5 Bc4 14. Re1 Nxc2
15. Qxc2 Bxb3 16. Qe2 Rac8 17. Be3 Qb4 18. g4 d5 19. Bg5 d4 20. Bxf6 Bxf6 21.
Nd5 Bxd5 22. exd5 Rfe8 23. Be4 Bg5 24. Ra3 f6 25. Rg1 Red8 26. Rf3 Qxa4 27. h4
Bxh4 28. g5 Bxg5 29. Rxg5 fxg5 30. Qd2 Qa1+ 31. Kg2 Qc1 32. Qxa5 g4 33. Rf2 Qe3
34. Bc2 g3 35. Rd2 b6 36. Qb4 Rxc2 37. Rxc2 Qe4+ 38. Kxg3 Qxc2 39. Qe7 Qb3+ 0-1

[Event "Hastings Masters"]
[Site "?"]
[Date "2009.12.31"]
[Round "4.34"]
[White "Horn, Stefan"]
[Black "Williams, Simon"]
[Result "0-1"]
[WhiteElo "2074"]
[BlackElo "2550"]
[PlyCount "80"]
[EventDate "2009.??.??"]
[SourceDate "2009.12.31"]

1. e4 g6 2. d4 Bg7 3. Nc3 d6 4. Be3 a6 5. Nf3 Nd7 6. a4 b6 7. Bc4 e6 8. O-O Ne7
9. Qd2 h6 10. Bb3 Bb7 11. Rfe1 Nf6 12. Bf4 g5 13. Bg3 Nh5 14. Rad1 Ng6 15. Qe3
O-O 16. Ne2 Kh8 17. h3 f5 18. exf5 exf5 19. Bh2 Re8 20. Qd3 Be4 21. Qc3 Qd7 22.
Nd2 Bb7 23. Qd3 Re7 24. Ng3 Nhf4 25. Qxf5 Bxg2 26. Qxd7 Rxd7 27. Be6 Nxe6 28.
Kxg2 Ngf4+ 29. Kf1 Nxd4 30. c3 Nc6 31. h4 Nd3 32. Re3 Nxb2 33. Rb1 Nxa4 34.
hxg5 hxg5 35. Nge4 Re7 36. Rh3+ Kg8 37. Ra1 b5 38. Nxg5 Nxc3 39. Re1 b4 40. Bf4
Nd4 0-1

[Event "Hastings Masters"]
[Site "?"]
[Date "2009.12.31"]
[Round "4.36"]
[White "Rudd, Jack"]
[Black "McDonnell, James J"]
[Result "1-0"]
[WhiteElo "2296"]
[BlackElo "2014"]
[PlyCount "53"]
[EventDate "2009.??.??"]
[SourceDate "2009.12.31"]

1. c4 e5 2. g3 Nf6 3. Bg2 d5 4. cxd5 Nxd5 5. Nc3 Nb6 6. Nf3 Nc6 7. d3 Be7 8.
O-O O-O 9. a3 Be6 10. b4 f6 11. Bb2 Qd7 12. Re1 Nd4 13. Nxd4 exd4 14. Ne4 c6
15. Nc5 Bxc5 16. bxc5 Nc8 17. Qa4 Rd8 18. e3 dxe3 19. Rxe3 Bf7 20. Rae1 Kf8 21.
Qh4 Bg6 22. Re6 Qxd3 23. Rxf6+ Kg8 24. Bf1 Qd2 25. Bc4+ Kh8 26. Rxg6 Qxe1+ 27.
Kg2 1-0